000 01114 a2200289 4500
003 OSt
005 20180116192339.0
008 120525t xxu||||| |||| 00| 0 eng d
010 _a 00690610
020 _a1875498915
035 _a(OCoLC)ocm39291167
040 _c0
082 _a725.8309
100 1 _aWebb, Michael,
_92227
245 1 0 _aNew stage for a city :
_bdesigning the New Jersey Performing Arts Center /
_ctext, Michael Webb ; foreword, Judith Jamison.
246 3 0 _aDesigning the New Jersey Performing Arts Center
260 _aMulgrave, Vic. :
_bImages Pub.,
_c1998.
300 _a128 p. :
_bill. (some col.) ;
_c31 cm.
440 0 _a[Building monograph series]
_92228
500 _aSeries statement on jacket.
610 2 0 _aNew Jersey Performing Arts Center (Newark, N.J.)
_92229
650 0 _aCenters for the performing arts
_zNew Jersey
_zNewark.
_92230
650 0 _aTheater architecture
_zNew Jersey
_zNewark.
_92231
651 0 _aNewark (N.J.)
_xBuildings, structures, etc.
_92232
942 _aSADA
_cBK
_k725.8309 WEB 1998
_2ddc
999 _c352576
_d352576